Ekran (Запис № 425481)
[ простий вигляд ]
| 000 -Лідер | |
|---|---|
| fixed length control field | 00859nam a22002417a 4500 |
| 001 - Контрольний номер | |
| control field | 45378 |
| 003 - Ідентифікатор контрольного номера | |
| control field | UA-OsUOA |
| 005 - Дата та час останнього входження (трансакції) | |
| control field | 20260408161441.0 |
| 008 - Елементи даних фіксованої довжини – загальна інформація | |
| fixed length control field | 20111010b un ||||| |||| 00| 0 ukr d |
| 040 ## - Джерело каталогізації | |
| Агенція оригінальної каталогізації | UA-OsUOA |
| Мова каталогізації | eng |
| Агенція, яка здійснювала перезапис | UA-OsUOA |
| Агенція, яка здійснювала модифікацію | UA-OsUOA |
| 041 ## - Код мови | |
| Код мови тексту/ звукової доріжки чи окремого заголовка (П) | eng |
| 080 ## - Індекс Універсальної десяткової класифікації | |
| Індекс Універсальної десяткової класифікації (УДК) (НП) | 050/01 |
| 090 ## - Локальний шифр розміщення | |
| Класифікаційний індекс УДК | 050/01 |
| Авторський знак (НП) | Е45 |
| 245 ## - Відомості про назву | |
| Назва (НП) | Ekran |
| Решта назви (НП) | 1961-1990 |
| Дані про відповідальність (НП) | compiled by S. Zmurkevych, Ph. D., B. L. Sc. |
| 260 ## - Публікація, розповсюдження і т.п. (Вихідні дані) | |
| Місце публікації, розповсюдження і т.п. (П) | Chicago |
| Дата публікації, розповсюдження і т.п. (П) | 1996 |
| 300 ## - Фізичний опис | |
| Обсяг | 41 p. |
| 490 ## - Область серії | |
| Назва серії | Ukrainian Magazine for Youth and Adults |
| 650 #7 - Додаткове предметне введення – тематичний термін | |
| Джерело заголовка чи терміна | UDC |
| Тематичний термін чи географічна назва, як елемент введення (НП) | 050 Серійні публікації. Періодика галузі, Організація та інші типи поєднання (співробітництва) |
| 9 (RLIN) | 3712 |
| 942 ## - Додаткові елементи входу (Коха) | |
| Тип елемента Koha | Журнал |
| Source of classification or shelving scheme | Universal Decimal Classification |
| 955 ## - Код типу видання за змістом | |
| Код типу видання за змістом (НП) | Науково-популярні видання |
| Стан вилучень | Стан втрат | Джерело класифікації або схеми стелажів | Стан уражень | Не для кредиту | Постійне місце розташування | Поточне розміщення | Дата придбання | Джерело придбання | Вартість, звичайна ціна покупки | Інвентарний номер | Усього замовленно | Повний номер виклику | Штрих-код | Дата останнього перегляду | Вартість, ціна заміни | Ціна ефективна від | Тип елемента Koha | Примітка, призначена для загального доступу |
|---|---|---|---|---|---|---|---|---|---|---|---|---|---|---|---|---|---|---|
| Universal Decimal Classification | Наукова бібліотека ІДУД | Наукова бібліотека ІДУД | 08/04/2026 | №8/08.04.2026 (ІДУД) | 1.00 | 300685 | 050/01 Е45 | 300685 | 08/04/2026 | 1.00 | 08/04/2026 | Журнал | містить екслібриси у вигляді штампу "Exlibris Олександри Мудрої" |